<?xml version="1.0" encoding="UTF-8"?>
<record
    xmlns:xsi="http://www.w3.org/2001/XMLSchema-instance"
    xsi:schemaLocation="http://www.loc.gov/MARC21/slim http://www.loc.gov/standards/marcxml/schema/MARC21slim.xsd"
    xmlns="http://www.loc.gov/MARC21/slim">

  <leader>02162nam0a2200373   4500</leader>
  <controlfield tag="001">RU\NLR\b_ik\192326</controlfield>
  <controlfield tag="005">20260408083540.0</controlfield>
  <datafield tag="010" ind1=" " ind2=" ">
    <subfield code="a">978-5-91344-304-5</subfield>
    <subfield code="9">150</subfield>
  </datafield>
  <datafield tag="035" ind1=" " ind2=" ">
    <subfield code="a">(NLR Aleph) 002264767</subfield>
  </datafield>
  <datafield tag="090" ind1=" " ind2=" ">
    <subfield code="a">3868534</subfield>
    <subfield code="c">3868534</subfield>
  </datafield>
  <datafield tag="100" ind1=" " ind2=" ">
    <subfield code="a">20111107d2011    |||y0rusy50      ca</subfield>
  </datafield>
  <datafield tag="101" ind1="0" ind2=" ">
    <subfield code="a">eng</subfield>
  </datafield>
  <datafield tag="102" ind1=" " ind2=" ">
    <subfield code="a">RU</subfield>
  </datafield>
  <datafield tag="105" ind1=" " ind2=" ">
    <subfield code="a">ab  |||||||||</subfield>
  </datafield>
  <datafield tag="200" ind1="1" ind2=" ">
    <subfield code="a">Large igneous provinces of Asia: mantle plumes and metallogeny</subfield>
    <subfield code="e">[International symposium], Irkutsk, Russia, August 20-23, 2011</subfield>
    <subfield code="e">abstract volume</subfield>
    <subfield code="f">[comp.: Dr.sci. Dmitry P. Gladkochub, PhD Tatiana V. Donskaya]</subfield>
  </datafield>
  <datafield tag="210" ind1=" " ind2=" ">
    <subfield code="a">Irkutsk</subfield>
    <subfield code="c">&#x41F;&#x435;&#x442;&#x440;&#x43E;&#x433;&#x440;&#x430;&#x444;&#x438;&#x43A;&#x430;</subfield>
    <subfield code="d">2011</subfield>
  </datafield>
  <datafield tag="215" ind1=" " ind2=" ">
    <subfield code="a">315 &#x441;.</subfield>
    <subfield code="c">&#x438;&#x43B;., &#x43A;&#x430;&#x440;&#x442;.</subfield>
    <subfield code="d">21</subfield>
  </datafield>
  <datafield tag="300" ind1=" " ind2=" ">
    <subfield code="a">&#x412; &#x432;&#x44B;&#x43F;. &#x434;&#x430;&#x43D;.: &#x41A;&#x440;&#x443;&#x43F;&#x43D;&#x44B;&#x435; &#x43C;&#x430;&#x433;&#x43C;&#x430;&#x442;&#x438;&#x447;&#x435;&#x441;&#x43A;&#x438;&#x435; &#x43F;&#x440;&#x43E;&#x432;&#x438;&#x43D;&#x446;&#x438;&#x438; &#x410;&#x437;&#x438;&#x438;: &#x43C;&#x430;&#x43D;&#x442;&#x438;&#x439;&#x43D;&#x44B;&#x435; &#x43F;&#x43B;&#x44E;&#x43C;&#x44B; &#x438; &#x43C;&#x435;&#x442;&#x430;&#x43B;&#x43B;&#x43E;&#x433;&#x435;&#x43D;&#x438;&#x44F;: &#x43C;&#x430;&#x442;&#x435;&#x440;&#x438;&#x430;&#x43B;&#x44B; &#x43D;&#x430;&#x443;&#x447;&#x43D;&#x43E;&#x433;&#x43E; &#x441;&#x43E;&#x432;&#x435;&#x449;&#x430;&#x43D;&#x438;&#x44F;, &#x418;&#x440;&#x43A;&#x443;&#x442;&#x441;&#x43A;, 20-23 &#x430;&#x432;&#x433;&#x443;&#x441;&#x442;&#x430; 2011 &#x433;.</subfield>
  </datafield>
  <datafield tag="300" ind1=" " ind2=" ">
    <subfield code="a">&#x412; &#x43D;&#x430;&#x434;&#x437;&#x430;&#x433;.: Russ. acad. of sciences, Siberian branch, Inst. of the Earth's crust</subfield>
  </datafield>
  <datafield tag="320" ind1=" " ind2=" ">
    <subfield code="a">&#x411;&#x438;&#x431;&#x43B;&#x438;&#x43E;&#x433;&#x440;. &#x432; &#x43A;&#x43E;&#x43D;&#x446;&#x435; &#x434;&#x43E;&#x43A;&#x43B;.</subfield>
  </datafield>
  <datafield tag="320" ind1=" " ind2=" ">
    <subfield code="a">&#x423;&#x43A;&#x430;&#x437;.: &#x441;. 314-315</subfield>
  </datafield>
  <datafield tag="517" ind1="0" ind2=" ">
    <subfield code="a">&#x41A;&#x440;&#x443;&#x43F;&#x43D;&#x44B;&#x435; &#x43C;&#x430;&#x433;&#x43C;&#x430;&#x442;&#x438;&#x447;&#x435;&#x441;&#x43A;&#x438;&#x435; &#x43F;&#x440;&#x43E;&#x432;&#x438;&#x43D;&#x446;&#x438;&#x438; &#x410;&#x437;&#x438;&#x438;: &#x43C;&#x430;&#x43D;&#x442;&#x438;&#x439;&#x43D;&#x44B;&#x435; &#x43F;&#x43B;&#x44E;&#x43C;&#x44B; &#x438; &#x43C;&#x435;&#x442;&#x430;&#x43B;&#x43B;&#x43E;&#x433;&#x435;&#x43D;&#x438;&#x44F;</subfield>
    <subfield code="e">&#x43C;&#x430;&#x442;&#x435;&#x440;&#x438;&#x430;&#x43B;&#x44B; &#x43D;&#x430;&#x443;&#x447;&#x43D;&#x43E;&#x433;&#x43E; &#x441;&#x43E;&#x432;&#x435;&#x449;&#x430;&#x43D;&#x438;&#x44F;, &#x418;&#x440;&#x43A;&#x443;&#x442;&#x441;&#x43A;, 20-23 &#x430;&#x432;&#x433;&#x443;&#x441;&#x442;&#x430; 2011 &#x433;.</subfield>
  </datafield>
  <datafield tag="606" ind1="1" ind2=" ">
    <subfield code="a">&#x41F;&#x43B;&#x44E;&#x43C;&#x44B;</subfield>
    <subfield code="j">&#x421;&#x44A;&#x435;&#x437;&#x434;&#x44B;, &#x441;&#x43E;&#x432;&#x435;&#x449;&#x430;&#x43D;&#x438;&#x44F; &#x438; &#x442;.&#x43F;.</subfield>
    <subfield code="y">&#x410;&#x437;&#x438;&#x44F;</subfield>
    <subfield code="9">2496322</subfield>
    <subfield code="3">RU\NLR\AUTH\661480846</subfield>
  </datafield>
  <datafield tag="606" ind1="1" ind2=" ">
    <subfield code="a">&#x41C;&#x435;&#x442;&#x430;&#x43B;&#x43B;&#x43E;&#x433;&#x435;&#x43D;&#x438;&#x44F;</subfield>
    <subfield code="j">&#x421;&#x44A;&#x435;&#x437;&#x434;&#x44B;, &#x441;&#x43E;&#x432;&#x435;&#x449;&#x430;&#x43D;&#x438;&#x44F; &#x438; &#x442;.&#x43F;.</subfield>
    <subfield code="y">&#x410;&#x437;&#x438;&#x44F;</subfield>
    <subfield code="9">1591307</subfield>
    <subfield code="3">RU\NLR\AUTH\66699485</subfield>
  </datafield>
  <datafield tag="686" ind1="1" ind2=" ">
    <subfield code="a">&#x414;312.1&#x44F;431(0)</subfield>
  </datafield>
  <datafield tag="686" ind1="1" ind2=" ">
    <subfield code="a">&#x414;451-09(5)&#x44F;431(0)</subfield>
  </datafield>
  <datafield tag="702" ind1=" " ind2="1">
    <subfield code="a">Gladko&#x10D;ub</subfield>
    <subfield code="b">D. P.</subfield>
    <subfield code="g">Dmitrij Petrovi&#x10D;</subfield>
    <subfield code="4">220</subfield>
  </datafield>
  <datafield tag="711" ind1="1" ind2="2">
    <subfield code="8">eng</subfield>
    <subfield code="a">"Large igneous provinces of Asia, mantle plumes and metallogeny", international symposium</subfield>
    <subfield code="f">2011</subfield>
    <subfield code="e">Irkutsk</subfield>
    <subfield code="7">ba</subfield>
    <subfield code="3">RU\NLR\AUTH\8810224739</subfield>
    <subfield code="9">334161</subfield>
  </datafield>
  <datafield tag="712" ind1="0" ind2="2">
    <subfield code="4">570</subfield>
    <subfield code="8">eng</subfield>
    <subfield code="a">Institute of the earth's crust</subfield>
    <subfield code="c">Irkutsk</subfield>
    <subfield code="7">ba</subfield>
    <subfield code="3">RU\NLR\AUTH\8810224736</subfield>
    <subfield code="9">334156</subfield>
  </datafield>
  <datafield tag="801" ind1=" " ind2="0">
    <subfield code="a">RU</subfield>
    <subfield code="b">NLR</subfield>
    <subfield code="c">20111107</subfield>
    <subfield code="g">RCR</subfield>
  </datafield>
  <datafield tag="942" ind1=" " ind2=" ">
    <subfield code="c">BOOK</subfield>
  </datafield>
  <datafield tag="980" ind1=" " ind2=" ">
    <subfield code="a">NB</subfield>
  </datafield>
  <datafield tag="995" ind1=" " ind2=" ">
    <subfield code="5">2011-11-07</subfield>
    <subfield code="a">ad</subfield>
    <subfield code="b">NLR01</subfield>
    <subfield code="c">NLR01</subfield>
    <subfield code="e">IF</subfield>
    <subfield code="f">1099170</subfield>
    <subfield code="k">&#x418;&#x43A; 2011-3/575</subfield>
    <subfield code="o">0</subfield>
    <subfield code="r">BOOK</subfield>
    <subfield code="s">_20113575</subfield>
    <subfield code="u"> ;  </subfield>
  </datafield>
</record>
